Can You Name All the Major Roads in Perth, Western Australia? - Statistics

General Stats
  • This quiz has been taken 80 times
  • The average score is 34 of 225
Answers on the Map
Answers color-coded by a green-red scale on the quiz's map according to % correct below.
 
Answer Stats
Road Type Route ANSWER % Correct
Motorway National Route 1 / State Route 2 Kwinana Freeway
80%
Motorway State Route 2 Mitchell Freeway
80%
Motorway State Route 4 Tonkin Highway
80%
Trunk National Route 1 / State Route 6 Canning Highway
70%
Motorway State Route 8 Graham Farmer Freeway
70%
Trunk State Route 3 Reid Highway
70%
Trunk State Route 5 Stirling Highway
70%
Trunk State Route 71 West Coast Highway
70%
Primary State Route 30 Albany Highway
65%
Motorway National Highway 94 / State Route 3 Roe Highway
65%
Trunk National Highway 94 / State Route 51 Great Eastern Highway
60%
Trunk State Route 60 Wanneroo Road
60%
Trunk National Highway 95 Great Northern Highway
55%
Motorway National Route 1 / State Route 7 Leach Highway
55%
Trunk State Route 71 Marmion Avenue
55%
Primary State Route 83 Gnangara Road
50%
Trunk State Route 76 Karrinyup Road
50%
Primary State Route 56 Alexander Drive
45%
Trunk State Route 14 Armadale Road
45%
Trunk State Route 76 Morley Drive
45%
Primary State Route 84 Ocean Reef Road
45%
Primary Beach Road
40%
Primary State Route 87 Burns Beach Road
40%
Primary Hay Street
40%
Primary State Route 5 Mounts Bay Road
40%
Primary State Route 81 Warwick Road
40%
Primary State Route 82 Hepburn Avenue
35%
Primary State Route 85 Joondalup Drive
35%
Primary State Route 85 Neaves Road
35%
Trunk State Route 8 Orrong Road
35%
Trunk National Route 1 / State Route 14 Rockingham Road
35%
Trunk State Route 13 South Street
35%
Primary St Georges Terrace
35%
Trunk State Route 51 Guildford Road
30%
Primary Mirrabooka Avenue
30%
Primary North Lake Road
30%
Primary Railway Parade
30%
Primary State Route 75 Scarborough Beach Road
30%
Trunk National Route 1 Stock Road
30%
Primary State Route 65 Wellington Street
30%
Primary State Route 83 Whitfords Avenue
30%
Primary State Route 53 William Street
30%
Trunk State Route 14 Beeliar Drive
25%
Primary Erindale Road
25%
Primary Hodges Drive
25%
Primary State Route 41 Kalamunda Road
25%
Primary State Route 51 Lord Street
25%
Primary Main Street
25%
Primary Malaga Drive
25%
Primary State Route 26 Manning Road
25%
Primary State Route 81 Marangaroo Drive
25%
Primary State Route 5 Riverside Drive
25%
Primary Shenton Avenue
25%
Primary State Route 52 West Swan Road
25%
Primary State Route 53 Beaufort Street
20%
Primary Dianella Drive
20%
Trunk State Route 7 High Street
20%
Primary State Route 61 Loftus Street
20%
Primary State Route 31 Nicholson Road
20%
Primary State Route 64 Pearson Street
20%
Primary Welshpool Road
20%
Primary State Route 78 Balcatta Road
15%
Primary State Route 53 Beechboro Road North
15%
Primary State Route 76 Benara Road
15%
Primary Collier Road
15%
Primary Drumpellier Drive
15%
Primary State Route 56 Fitzgerald Street
15%
Primary State Route 36 Fremantle Road
15%
Primary State Route 55 Grand Promenade
15%
Primary Hale Road
15%
Primary Hutton Street
15%
Primary Jon Sanders Drive
15%
Primary National Route 1 / State Route 22 Mandurah Road
15%
Primary State Route 22 Mundijong Road
15%
Primary Oceanic Drive
15%
Primary State Route 64 Selby Street
15%
Primary State Route 64 Stephenson Avenue
15%
Primary State Route 72 The Boulevard
15%
Trunk State Route 21 Thomas Road
15%
Primary State Route 75 Walcott Street
15%
Primary Yirrigan Drive
15%
Primary State Route 55 Abernethy Road
10%
Primary State Route 5 / State Route 53 Barrack Street
10%
Primary Beechboro Road South
10%
Primary Berrigan Drive
10%
Trunk State Route 40 Brookton Highway
10%
Primary State Route 53 Broun Avenue
10%
Primary Camboon Road
10%
Primary Cambridge Street
10%
Trunk State Route 5 Causeway
10%
Primary Cedric Street
10%
Primary Central Avenue
10%
Trunk State Route 60 Charles Street
10%
Primary State Route 12 Cockburn Road
10%
Primary State Route 71 Curtin Avenue
10%
Primary Ellen Stirling Boulevard
10%
Primary State Route 72 Grantham Street
10%
Trunk National Highway 94 Great Eastern Highway Bypass
10%
Primary State Route 75 Green Street
10%
Primary Gugeri Street
10%
Primary Horrie Miller Drive
10%
Trunk State Route 1 / State Route 51 James Street
10%
Primary Karel Avenue
10%
Primary Kings Park Road
10%
Primary Marmion Street
10%
Primary National Route 1 Morrison Road
10%
Primary State Route 85 / State Route 359 Muchea South Road
10%
Primary Murdoch Drive
10%
Primary Nollamara Avenue
10%
Primary Oxford Street
10%
Primary State Route 13 Ranford Road
10%
Primary Ravenswood Drive
10%
Trunk Riseley Street
10%
Primary Russell Road
10%
Primary State Route 18 Safety Bay Road
10%
Trunk State Route 20 South Western Highway
10%
Primary The Promenade
10%
Primary State Route 61 Thomas Street
10%
Primary State Route 50 Toodyay Road
10%
Primary State Route 204 Tydeman Road
10%
Primary State Route 72 Vincent Street
10%
Primary Walter Road East
10%
Primary Walter Road West
10%
Primary Widgee Road
10%
Primary State Route 61 Winthrop Avenue
10%
Trunk Adelaide Terrace
5%
Primary Alfred Road
5%
Primary Altone Road
5%
Trunk State Route 5 Birdiya Drive
5%
Primary State Route 72 Bulwer Street
5%
Primary Coode Street
5%
Primary Crimea Street
5%
Trunk State Route 66 East Parade
5%
Trunk State Route 1 / State Route 51 East Street
5%
Primary Embleton Avenue
5%
Trunk National Route 1 Ennis Avenue
5%
Primary State Route 71 Eric Street
5%
Primary Frobisher Street
5%
Primary State Route 55 Garratt Road
5%
Primary State Route 12 Hampton Road
5%
Primary Harborne Street
5%
Primary State Route 27 High Road
5%
Primary Kelvin Road
5%
Primary Kent Street
5%
Trunk State Route 30 Kenwick Link
5%
Primary King William Street
5%
Primary State Route 22 Kulija Road
5%
Primary Lake Road
5%
Primary State Route 52 / State Route 203 Meadow Street
5%
Primary State Route 76 Morley Drive East
5%
Primary State Route 207 Mundaring Weir Road
5%
Primary Newcastle Street
5%
Trunk National Route 1 / State Route 18 Patterson Road
5%
Primary Powis Street
5%
Primary Roberts Road
5%
Primary Royal Street
5%
Trunk State Route 30 Shepperton Road
5%
Primary State Route 36 Spencer Road
5%
Primary Stubbs Terrace
5%
Primary State Route 65 Underwood Avenue
5%
Primary Wellard Road
5%
Primary Wellington Road
5%
Primary Airport Drive
0%
Primary Amelia Street
0%
Primary Bannister Road
0%
Primary State Route 55 Belgravia Street
0%
Primary Berwick Street
0%
Primary Brady Street
0%
Primary State Route 53 Brisbane Street
0%
Primary Brockway Road
0%
Primary Brookdale Street
0%
Primary Burslem Drive
0%
Primary State Route 41 Canning Road
0%
Primary Centenary Avenue
0%
Primary Champion Drive
0%
Primary Collier Link
0%
Primary State Route 36 Corfield Street
0%
Primary Council Avenue
0%
Primary State Route 22 Dixon Road
0%
Primary Douglas Avenue
0%
Primary State Route 55 Fairbrother Street
0%
Primary State Route 64 Flynn Street
0%
Primary Garden Street
0%
Primary Gilmore Avenue
0%
Primary State Route 55 Grandstand Road
0%
Primary Hayman Road
0%
Primary State Route 51 Hill Street
0%
Primary Hill View Terrace
0%
Primary Howtree Place
0%
Primary Huntriss Road
0%
Primary Jandakot Road
0%
Trunk State Route 1 Johnson Street
0%
Primary Kewdale Road
0%
Primary State Route 72 Lake Monger Drive
0%
Primary Lawson Street
0%
Primary Lloyd Street
0%
Primary State Route 61 London Street
0%
Primary Midgegooroo Avenue
0%
Primary Oats Street
0%
Primary Odin Road
0%
Primary Old York Road
0%
Primary Olga Road
0%
Primary State Route 12 Ord Street
0%
Primary Phoenix Road
0%
Primary State Route 65 Plain Street
0%
Primary Port Beach Road
0%
Primary State Route 12 Queen Victoria Street
0%
Primary Rae Road
0%
Primary Railway Road
0%
Primary Read Street
0%
Primary Russell Street
0%
Primary Southern River Road
0%
Primary Southport Street
0%
Primary Spring Road
0%
Primary State Route 55 Stoneham Street
0%
Primary Swan View Road
0%
Primary Victoria Street
0%
Primary State Route 204 Walter Place
0%
Primary Warnbro Sound Avenue
0%
Primary Warton Road
0%
Primary State Route 22 Watkins Road
0%
Primary State Route 8 Welshpool Road East
0%
Primary Whatley Crescent
0%
Primary Woodrow Avenue
0%
Primary Yale Road
0%
No matching quizzes found
Score Distribution
Percent of People with Each Score
Percentile by Number Answered
Your Score History
You have not taken this quiz